<Les> Autres visages de la gouvernance publique agences, autorités administratives et établissements publics

Gespeichert in:
Bibliographische Detailangaben
Format: Buch
Sprache:Französisch
Veröffentlicht: Paris OECD 2002
Schlagworte:
Tags: Tag hinzufügen
Keine Tags, Fügen Sie das erste Tag hinzu!

MARC

LEADER 00000nam a2200000 4500
001 c142732
005 20221124091748.9
020 |a 92-64-29892-4 
041 0 |a fre 
044 |a FR 
245 1 0 |a <Les> Autres visages de la gouvernance publique  |b agences, autorités administratives et établissements publics 
264 1 |a Paris  |b OECD  |c 2002 
300 |a 306 s. 
610 2 0 |a spoločnosť 
610 2 0 |a vláda 
610 2 0 |a agentúry 
610 2 0 |a politika 
610 2 0 |a legislatíva 
610 2 0 |a rozpočtovanie 
610 2 0 |a porovnanie medzinárodné 
610 2 0 |a administratíva 
610 2 0 |a ministerstvá 
610 2 0 |a svet 
610 2 0 |a OECD